00337 a2200133 450000100060000002000180000604000370002410000210006124000430008224500380012530000070016336200090017065000240017974709 a9788572088572 cAnchieta - Colégio São Paulo aSypriano, Lilian10aTanquinho e Clau uma dupla legal?lpor10aTanquinho e Clau uma dupla legal? a640 a2013 4aLiteratura infantil